The Federal veterinarian.

Bibliographic Details
Previous Title:Bureau veterinarian
Corporate Author: National Association of Federal Veterinarians
Format: Journal
Language:English
Published: Topeka, Kan. : National Association of Federal Veterinarians : [publisher not identified]
Subjects:
Online Availability: Check for online availability

MARC

Tag First Indicator Second Indicator Subfields
LEADER 00000cas a2200000 a 4500
001 in00004455113
005 20210518151928.0
008 750824d19432020ksumr1p 0 a0eng d
010 |a sn 78005968  
022 0 |a 0164-6257 
035 |a (OCoLC)01569045 
040 |a MUL  |c MUL  |d COO  |d NSD  |d RCS  |d TMV  |d UtOrBLW 
042 |a nsdp 
043 |a n-us--- 
049 |a [Shelved] [by Title] TMVM 
060 4 |a x 
222 4 |a The Federal veterinarian 
245 0 4 |a The Federal veterinarian. 
264 1 |a Topeka, Kan. : National Association of Federal Veterinarians :  |b [publisher not identified] 
300 |a volumes :  |b illustrations ;  |c 24-28 cm. 
310 |a Monthly  |b 1971-2020 
321 |a Bimonthly  |b <1949>-1970 
336 |a text  |2 rdacontent  |b txt 
337 |a unmediated  |2 rdamedia 
338 |a volume  |2 rdacarrier  |b nc 
362 0 |a Volume 1, number 1 (July 1943)-Volume 77, numbers 11-12 (2020 November-December) 
500 |a Title from caption; description based on: volume 6, number 1 (Jan. 1949). 
500 |a Official publication of the National Association of Federal Veterinarians. 
500 |a Bindery Color/Print: 798/B; ID 117077.  |5 TMV 
550 |a Place of publication varies: Kansas City, Mo., 1951-1959; Washington, D.C., 1960- . 
650 2 |a Veterinary Medicine. 
650 2 |a Societies, Medical. 
650 2 |a Meat  |x standards. 
651 2 |a United States. 
655 2 |a Periodicals. 
710 2 |a National Association of Federal Veterinarians. 
780 0 0 |t Bureau veterinarian 
948 |a Order Direct: National Association of Federal Veterinarians; 1910 Sunderland Pl NW; Washington, DC 20036; Ph: 202-223-4878; ccrespi@nafv.org 
999 f f |s 53c04db1-fefc-397c-a700-1339952c2d30  |i 4467f12a-9f90-3bea-9f71-6fcda09dbd27  |t 0 
952 f f |p ric  |a Texas A&M University  |b Rellis Campus  |c Joint Library Facility  |d Remote Storage  |t 0  |e Shelved by Title  |h Other scheme  |i unmediated -- volume  |k v.49/50  |l 1992/1993  |m 323890215992A 
952 f f |p ric  |a Texas A&M University  |b Rellis Campus  |c Joint Library Facility  |d Remote Storage  |t 0  |e Shelved by Title  |h Other scheme  |i unmediated -- volume  |k v.70  |l 2013  |m 3238902336949 
952 f f |p ric  |a Texas A&M University  |b Rellis Campus  |c Joint Library Facility  |d Remote Storage  |t 0  |e Shelved by Title  |h Other scheme  |i unmediated -- volume  |k v.35:nos.2/3,5,7/12  |l 1978  |m 323890267933C 
952 f f |p ric  |a Texas A&M University  |b Rellis Campus  |c Joint Library Facility  |d Remote Storage  |t 0  |e Shelved by Title  |h Other scheme  |i unmediated -- volume  |k v.29  |l 1972  |m 3238900503651 
952 f f |p ric  |a Texas A&M University  |b Rellis Campus  |c Joint Library Facility  |d Remote Storage  |t 0  |e Shelved by Title  |h Other scheme  |i unmediated -- volume  |k v.6/10  |l 1949/1953  |m 323890196695I 
952 f f |p ric  |a Texas A&M University  |b Rellis Campus  |c Joint Library Facility  |d Remote Storage  |t 0  |e Shelved by Title  |h Other scheme  |i unmediated -- volume  |k v.37  |l 1980  |m 323890196699M 
952 f f |p ric  |a Texas A&M University  |b Rellis Campus  |c Joint Library Facility  |d Remote Storage  |t 0  |e Shelved by Title  |h Other scheme  |i unmediated -- volume  |k v.47/48  |l 1990/1991  |m 323890215993B 
952 f f |p ric  |a Texas A&M University  |b Rellis Campus  |c Joint Library Facility  |d Remote Storage  |t 0  |e Shelved by Title  |h Other scheme  |i unmediated -- volume  |k v.61/63:no.1  |l 2004/2006  |m 323890196039A 
952 f f |p ric  |a Texas A&M University  |b Rellis Campus  |c Joint Library Facility  |d Remote Storage  |t 0  |e Shelved by Title  |h Other scheme  |i unmediated -- volume  |k v.59/60  |l 2002  |m 323890182585B 
952 f f |p ric  |a Texas A&M University  |b Rellis Campus  |c Joint Library Facility  |d Remote Storage  |t 0  |e Shelved by Title  |h Other scheme  |i unmediated -- volume  |k v.17:nos.1/2  |l 1960  |m 3238901967027 
952 f f |p ric  |a Texas A&M University  |b Rellis Campus  |c Joint Library Facility  |d Remote Storage  |t 0  |e Shelved by Title  |h Other scheme  |i unmediated -- volume  |k v.38:nos.1/2  |l 1981  |m 3238901967005 
952 f f |p ric  |a Texas A&M University  |b Rellis Campus  |c Joint Library Facility  |d Remote Storage  |t 0  |e Shelved by Title  |h Other scheme  |i unmediated -- volume  |k v.73  |l 2016  |m 323890237955D 
952 f f |p ric  |a Texas A&M University  |b Rellis Campus  |c Joint Library Facility  |d Remote Storage  |t 0  |e Shelved by Title  |h Other scheme  |i unmediated -- volume  |k v.67:nos.8/12  |l 2010  |m 323890267929H 
952 f f |p ric  |a Texas A&M University  |b Rellis Campus  |c Joint Library Facility  |d Remote Storage  |t 0  |e Shelved by Title  |h Other scheme  |i unmediated -- volume  |k v.68  |l 2011  |m 3238902175939 
952 f f |p ric  |a Texas A&M University  |b Rellis Campus  |c Joint Library Facility  |d Remote Storage  |t 0  |e Shelved by Title  |h Other scheme  |i unmediated -- volume  |k v.66  |l 2009  |m 3238902019475 
952 f f |p ric  |a Texas A&M University  |b Rellis Campus  |c Joint Library Facility  |d Remote Storage  |t 0  |e Shelved by Title  |h Other scheme  |i unmediated -- volume  |k v.34  |l 1977  |m 3238902731353 
952 f f |p ric  |a Texas A&M University  |b Rellis Campus  |c Joint Library Facility  |d Remote Storage  |t 0  |e Shelved by Title  |h Other scheme  |i unmediated -- volume  |k v.11/13  |l 1954/1956  |m 323890196696J 
952 f f |p ric  |a Texas A&M University  |b Rellis Campus  |c Joint Library Facility  |d Remote Storage  |t 0  |e Shelved by Title  |h Other scheme  |i unmediated -- volume  |k v.63/64  |l 2006/2007  |m 323890199535E 
952 f f |p ric  |a Texas A&M University  |b Rellis Campus  |c Joint Library Facility  |d Remote Storage  |t 0  |e Shelved by Title  |h Other scheme  |i unmediated -- volume  |k v.27  |l 1970  |m 323890164779G 
952 f f |p ric  |a Texas A&M University  |b Rellis Campus  |c Joint Library Facility  |d Remote Storage  |t 0  |e Shelved by Title  |h Other scheme  |i unmediated -- volume  |k v.45/46  |l 1988/1989  |m 323890215994C 
952 f f |p ric  |a Texas A&M University  |b Rellis Campus  |c Joint Library Facility  |d Remote Storage  |t 0  |e Shelved by Title  |h Other scheme  |i unmediated -- volume  |k v.51  |l 1994  |m 3238901506925 
952 f f |p ric  |a Texas A&M University  |b Rellis Campus  |c Joint Library Facility  |d Remote Storage  |t 0  |e Shelved by Title  |h Other scheme  |i unmediated -- volume  |k v.75  |l 2018  |m 323890237972C 
952 f f |p ric  |a Texas A&M University  |b Rellis Campus  |c Joint Library Facility  |d Remote Storage  |t 0  |e Shelved by Title  |h Other scheme  |i unmediated -- volume  |k v.65  |l 2008  |m 323890199473F 
952 f f |p ric  |a Texas A&M University  |b Rellis Campus  |c Joint Library Facility  |d Remote Storage  |t 0  |e Shelved by Title  |h Other scheme  |i unmediated -- volume  |k v.28  |l 1971  |m 3238900503640 
952 f f |p ric  |a Texas A&M University  |b Rellis Campus  |c Joint Library Facility  |d Remote Storage  |t 0  |e Shelved by Title  |h Other scheme  |i unmediated -- volume  |k v.22  |l 1965  |m 323890164778F 
952 f f |p ric  |a Texas A&M University  |b Rellis Campus  |c Joint Library Facility  |d Remote Storage  |t 0  |e Shelved by Title  |h Other scheme  |i unmediated -- volume  |k v.55/56  |l 1998/1999  |m 3238901633386 
952 f f |p ric  |a Texas A&M University  |b Rellis Campus  |c Joint Library Facility  |d Remote Storage  |t 0  |e Shelved by Title  |h Other scheme  |i unmediated -- volume  |k v.57/58  |l 2000/2001  |m 3238901778207 
952 f f |p ric  |a Texas A&M University  |b Rellis Campus  |c Joint Library Facility  |d Remote Storage  |t 0  |e Shelved by Title  |h Other scheme  |i unmediated -- volume  |k v.69  |l 2012  |m 3238902191746 
952 f f |p ric  |a Texas A&M University  |b Rellis Campus  |c Joint Library Facility  |d Remote Storage  |t 0  |e Shelved by Title  |h Other scheme  |i unmediated -- volume  |k v.38:no.3/4,6/12  |l 1981  |m 323890267932B 
952 f f |p ric  |a Texas A&M University  |b Rellis Campus  |c Joint Library Facility  |d Remote Storage  |t 0  |e Shelved by Title  |h Other scheme  |i unmediated -- volume  |k v.36  |l 1979  |m 3238902731364 
952 f f |p ric  |a Texas A&M University  |b Rellis Campus  |c Joint Library Facility  |d Remote Storage  |t 0  |e Shelved by Title  |h Other scheme  |i unmediated -- volume  |k v.40:nos.1/4  |l 1983  |m 323890267931A 
952 f f |p ric  |a Texas A&M University  |b Rellis Campus  |c Joint Library Facility  |d Remote Storage  |t 0  |e Shelved by Title  |h Other scheme  |i unmediated -- volume  |k v.74  |l 2017  |m 3238902369507 
952 f f |p ric  |a Texas A&M University  |b Rellis Campus  |c Joint Library Facility  |d Remote Storage  |t 0  |e Shelved by Title  |h Other scheme  |i unmediated -- volume  |k v.54  |l 1997  |m 3238901423181 
952 f f |p ric  |a Texas A&M University  |b Rellis Campus  |c Joint Library Facility  |d Remote Storage  |t 0  |e Shelved by Title  |h Other scheme  |i unmediated -- volume  |k v.52  |l 1995  |m 3238901501852 
952 f f |p ric  |a Texas A&M University  |b Rellis Campus  |c Joint Library Facility  |d Remote Storage  |t 0  |e Shelved by Title  |h Other scheme  |i unmediated -- volume  |k v.76/77  |l 2019/2020  |m 323890267676G 
952 f f |p ric  |a Texas A&M University  |b Rellis Campus  |c Joint Library Facility  |d Remote Storage  |t 0  |e Shelved by Title  |h Other scheme  |i unmediated -- volume  |k v.14/16  |l 1957/1959  |m 323890196697K 
952 f f |p ric  |a Texas A&M University  |b Rellis Campus  |c Joint Library Facility  |d Remote Storage  |t 0  |e Shelved by Title  |h Other scheme  |i unmediated -- volume  |k v.72:nos.1/3,5/10  |l 2015  |m 323890267926E 
952 f f |p ric  |a Texas A&M University  |b Rellis Campus  |c Joint Library Facility  |d Remote Storage  |t 0  |e Shelved by Title  |h Other scheme  |i unmediated -- volume  |k v.18  |l 1961  |m 3238901967038 
952 f f |p ric  |a Texas A&M University  |b Rellis Campus  |c Joint Library Facility  |d Remote Storage  |t 0  |e Shelved by Title  |h Other scheme  |i unmediated -- volume  |k v.43/44  |l 1986/1987  |m 323890215995D 
952 f f |p ric  |a Texas A&M University  |b Rellis Campus  |c Joint Library Facility  |d Remote Storage  |t 0  |e Shelved by Title  |h Other scheme  |i unmediated -- volume  |k v.26  |l 1969  |m 3238901647808 
952 f f |p ric  |a Texas A&M University  |b Rellis Campus  |c Joint Library Facility  |d Remote Storage  |t 0  |e Shelved by Title  |h Other scheme  |i unmediated -- volume  |k v.53  |l 1996  |m 3238901453274 
952 f f |p ric  |a Texas A&M University  |b Rellis Campus  |c Joint Library Facility  |d Remote Storage  |t 0  |e Shelved by Title  |h Other scheme  |i unmediated -- volume  |k v.30  |l 1973  |m 3238900503662 
952 f f |p ric  |a Texas A&M University  |b Rellis Campus  |c Joint Library Facility  |d Remote Storage  |t 0  |e Shelved by Title  |h Other scheme  |i unmediated -- volume  |k v.39  |l 1982  |m 323890215997F 
952 f f |p ric  |a Texas A&M University  |b Rellis Campus  |c Joint Library Facility  |d Remote Storage  |t 0  |e Shelved by Title  |h Other scheme  |i unmediated -- volume  |k v.41/42  |l 1984/1985  |m 323890215996E 
952 f f |p ric  |a Texas A&M University  |b Rellis Campus  |c Joint Library Facility  |d Remote Storage  |t 0  |e Shelved by Title  |h Other scheme  |i unmediated -- volume  |k v.21  |l 1964  |m 323890164777E 
952 f f |p ric  |a Texas A&M University  |b Rellis Campus  |c Joint Library Facility  |d Remote Storage  |t 0  |e Shelved by Title  |h Other scheme  |i unmediated -- volume  |k v.40:nos.6/12  |l 1983  |m 3238902679309 
952 f f |p ric  |a Texas A&M University  |b Rellis Campus  |c Joint Library Facility  |d Remote Storage  |t 0  |e Shelved by Title  |h Other scheme  |i unmediated -- volume  |k v.32  |l 1975  |m 323890215998G 
952 f f |p ric  |a Texas A&M University  |b Rellis Campus  |c Joint Library Facility  |d Remote Storage  |t 0  |e Shelved by Title  |h Other scheme  |i unmediated -- volume  |k v.33:nos.1/11  |l 1976  |m 323890196694H 
952 f f |p ric  |a Texas A&M University  |b Rellis Campus  |c Joint Library Facility  |d Remote Storage  |t 0  |e Shelved by Title  |h Other scheme  |i unmediated -- volume  |k v.31  |l 1974  |m 3238900503673 
952 f f |p ric  |a Texas A&M University  |b Rellis Campus  |c Joint Library Facility  |d Remote Storage  |t 0  |e Shelved by Title  |h Other scheme  |i unmediated -- volume  |k v.71:nos.1/9,11/12  |l 2014  |m 323890267927F 
952 f f |p ric  |a Texas A&M University  |b Rellis Campus  |c Joint Library Facility  |d Remote Storage  |t 0  |e Shelved by Title  |h Other scheme  |i unmediated -- volume  |k v.17:nos.3/6  |l 1960  |m 3238901967016 
998 f f |a Shelved by Title  |s v.72:no.5(2015:May/June)-v.77(2020)  |t 0  |l Remote Storage